000 00244nam a2200097Ia 4500
001 908289
005 20250826185051.0
008 250824s9999 xx 000 0 und d
245 0 _aBANA İKİMİZİ ANLAT
_cAHMET BATMAN
260 _bDESTEK YAYINLARI
999 _c908289
_d908289